000
00260nam a2200109Ia 4500
008
220204s9999 xx 000 0 und d
082
_a
091
_b
KUR
100
_a
Kuriyan George
245
0
_a
India: A general survey
260
_a
New Delhi
_b
NBT
_c
1975
942
_c
BK
999
_c
24240
_d
24240